O, med vospominanii /

Bibliographic Details
Main Author: Belozerskai︠a︡-Bulgakova, L. E.
Format: Book
Language:Russian
Published: Ann Arbor, Mich. : Ardis, [1979]
Subjects:

MARC

Tag First Indicator Second Indicator Subfields
LEADER 00000cam a2200000 a 4500
001 in00000081686
005 20151008054123.0
008 801230s1979 miuaf 00010arusm
010 |a  80514691  
020 |a 0882333186 (pbk.) 
035 |a (OCoLC)04879552 
035 |9 AAH9699AM 
040 |a DLC  |c DLC  |d m.c.  |d TXA  |d UtOrBLW 
043 |a e-ur-ru 
049 |a TXAM  |c [1501953] 
050 0 0 |a PG3476.B78  |b Z59 
100 1 |a Belozerskai︠a︡-Bulgakova, L. E. 
245 1 0 |a O, med vospominanii /  |c L.E. Belozerskaia-Bulgakova. 
264 1 |a Ann Arbor, Mich. :  |b Ardis,  |c [1979] 
264 4 |c ©1979 
300 |a 133 pages :  |b illustrations ;  |c 21 cm. 
336 |a text  |b txt  |2 rdacontent 
337 |a unmediated  |b n  |2 rdamedia 
338 |a volume  |b nc  |2 rdacarrier 
500 |a In Cyrillic characters. 
600 1 0 |a Bulgakov, Mikhail,  |d 1891-1940. 
600 1 0 |a Belozerskai︠a︡-Bulgakova, L. E. 
650 0 |a Authors, Russian  |y 20th century  |v Biography. 
650 0 |a Wives  |z Soviet Union  |x Biography. 
651 0 |a Moscow (Russia)  |x Intellectual life. 
999 |a MARS 
999 f f |s 64530bf2-7791-3f92-a43e-c07e7d61c63b  |i 2502e6ef-31bf-33e9-85ee-27c8aad5d9d5  |t 0 
952 f f |p ric  |a Texas A&M University  |b Rellis Campus  |c Joint Library Facility  |s JLF  |d Remote Storage  |t 0  |e PG3476.B78 Z59  |h Library of Congress classification  |i unmediated -- volume  |m A14806175729 
998 f f |a PG3476.B78 Z59  |t 0  |l Remote Storage